<?xml version="1.0" encoding="UTF-8"?>
<record
    xmlns:xsi="http://www.w3.org/2001/XMLSchema-instance"
    xsi:schemaLocation="http://www.loc.gov/MARC21/slim http://www.loc.gov/standards/marcxml/schema/MARC21slim.xsd"
    xmlns="http://www.loc.gov/MARC21/slim">

  <leader>01012nam a2200229 a 4500</leader>
  <controlfield tag="001">BRCA_6627</controlfield>
  <controlfield tag="005">20190320205532.0</controlfield>
  <controlfield tag="008">061011s2009----mx-a######---#000-0#spa-#</controlfield>
  <datafield tag="041" ind1=" " ind2=" ">
    <subfield code="a">spa</subfield>
  </datafield>
  <datafield tag="050" ind1=" " ind2="4">
    <subfield code="b">H47 2009</subfield>
  </datafield>
  <datafield tag="100" ind1="1" ind2=" ">
    <subfield code="a">Herrera Duprat, Laura Mar&#xED;a Cristina</subfield>
    <subfield code="9">16597</subfield>
  </datafield>
  <datafield tag="245" ind1="1" ind2="0">
    <subfield code="a">Ejecutorias de hidalgu&#xED;a, manuscritos de genealog&#xED;a y nobleza del M&#xE9;xico colonial</subfield>
    <subfield code="b">una propuesta para su descripci&#xF3;n bibliogr&#xE1;fica y an&#xE1;lisis documental.</subfield>
  </datafield>
  <datafield tag="260" ind1=" " ind2=" ">
    <subfield code="a">Ciudad de M&#xE9;xico</subfield>
    <subfield code="c">2009</subfield>
  </datafield>
  <datafield tag="300" ind1=" " ind2=" ">
    <subfield code="a">vi, 148 p.</subfield>
    <subfield code="b">il. (algunas a color)</subfield>
    <subfield code="c">28 cm.</subfield>
    <subfield code="e">2 CDs</subfield>
  </datafield>
  <datafield tag="502" ind1=" " ind2=" ">
    <subfield code="a">Tesis Maestr&#xED;a (Maestra en Bibliotecolog&#xED;a y Estudios de la Informaci&#xF3;n) UNAM, Centro Universitario de Investigaciones Bibliotecol&#xF3;gicas, Facultad de Filosof&#xED;a y Letras</subfield>
  </datafield>
  <datafield tag="650" ind1="1" ind2="4">
    <subfield code="a">Ejecutorias de hidalgu&#xED;a</subfield>
    <subfield code="x">Historia</subfield>
    <subfield code="9">16598</subfield>
  </datafield>
  <datafield tag="650" ind1="1" ind2="4">
    <subfield code="a">Ejecutorias de hidalgu&#xED;a</subfield>
    <subfield code="x">Cat&#xE1;logo documental</subfield>
    <subfield code="9">16599</subfield>
  </datafield>
  <datafield tag="650" ind1="1" ind2="4">
    <subfield code="a">Manuscritos</subfield>
    <subfield code="9">16600</subfield>
  </datafield>
  <datafield tag="710" ind1="2" ind2=" ">
    <subfield code="a">Fern&#xE1;ndez de Zamora, Rosa Mar&#xED;a</subfield>
    <subfield code="e">Directora</subfield>
    <subfield code="9">16601</subfield>
  </datafield>
  <datafield tag="902" ind1=" " ind2=" ">
    <subfield code="a">DEB</subfield>
  </datafield>
  <datafield tag="942" ind1=" " ind2=" ">
    <subfield code="2">lcc</subfield>
    <subfield code="c">TES</subfield>
  </datafield>
  <datafield tag="999" ind1=" " ind2=" ">
    <subfield code="c">6311</subfield>
    <subfield code="d">6311</subfield>
  </datafield>
  <datafield tag="952" ind1=" " ind2=" ">
    <subfield code="0">0</subfield>
    <subfield code="1">0</subfield>
    <subfield code="4">0</subfield>
    <subfield code="7">0</subfield>
    <subfield code="a">BRCA</subfield>
    <subfield code="b">BRCA</subfield>
    <subfield code="d">2011-10-06</subfield>
    <subfield code="l">0</subfield>
    <subfield code="o">H47 2009</subfield>
    <subfield code="p">DEB00074</subfield>
    <subfield code="r">2019-03-22 00:00:00</subfield>
    <subfield code="w">2019-03-22</subfield>
    <subfield code="y">TES</subfield>
  </datafield>
</record>
